Score 0/24 Timer 06:00
1 Play Today
% Correct
The Incredibles
97.2%
Shrek
96.7%
Indiana Jones and the Temple of Doom
93.9%
The Hunger Games: Mockingjay - Part 2
90.8%
Iron Man 2
90.1%
Rambo: First Blood Part II
88.9%
Fantastic Four
88.6%
King Kong
87.6%
Terminator Genisys
86.9%
Back to the Future
84.7%
Charlie's Angels
78.1%
Bad Boys II
76.9%
% Correct
National Treasure: Book of Secrets
76.5%
Hot Fuzz
70.3%
Ghost Rider
69.4%
Johnny English Reborn
66.7%
Deadpool 2
65%
Mission: Impossible II
59.4%
The World is Not Enough
57.9%
Machete
44.5%
Backdraft
34.8%
The Equalizer 2
31%
Inkheart
15.1%
Sunshine
9.8%
Remove Ads.
Support Sporcle.
Get the best of Sporcle when you Go Orange. This ad-free experience offers more features, more stats, and more fun while also helping to support Sporcle. Thank you for becoming a member.

You're not logged in!

Compare scores with friends on all Sporcle quizzes.
OR
Log In

Show Comments

Extras

Top Quizzes Today


Score Distribution

Your Account Isn't Verified!

In order to create a playlist on Sporcle, you need to verify the email address you used during registration. Go to your Sporcle Settings to finish the process.

Report this User

Report this user for behavior that violates our Community Guidelines.

Details: